00794nam a2200193Ia 4500003000900000008004100009020001800050040001600068080002000084111008400104245023700188260003800425300001400463650004100477650001700518650002500535700002000560700002000580IN-BaIIA211028s9999 xx 000 0 eng d a981-02-0782-4 cIIA Library a524(082.2)bKUB aInternational Workshop on Unstabel Nuclei in AstrophysicscJapand1991 June 7-8 0aUnstable nuclei in astrophysicsbproceedings of the International workshop on Unstabel Nuclei in Astrophysics held at Tokyo, Japan, 7-8 June 1991cedited by S. Kubono and Kajino, T.  aSingaporebWorld Scientificc1992 axii,344p. aAstronomy and Astrophysics Thesaurus aAstrophysics aNuclear Astrophysics aKajino, T., ed. aKubono, S., ed.